[Event "DEM U12/U12w 2008"]
[Site "Willingen GER"]
[Date "2008.05.11"]
[Round "1"]
[White "Groetzbach, Julian"]
[Black "Michels, Kim"]
[Result "1-0"]
[Termination "normal"]
[Board "45"]
[WhiteElo "1484"]
[BlackElo "926"]
[PlyCount "49"]
[WhiteFideId "24600938"]
[BlackFideId "24690066"]
[EventCountry "GER"]
[EventRounds "11"]
[EventType "swiss"]
[EventDate "2008.05.10"]

1. d4 d5 2. c4 e6 3. Nc3 c6 4. Nf3 Nf6 5. Bg5 Nbd7 6. e3 Qa5 7. Nd2 Bb4 8. Qc2
Ne4 9. Ndxe4 dxe4 10. Bh4 O-O 11. Be2 b5 12. c5 e5 13. a3 Bxc3+ 14. bxc3 Rb8
15. O-O exd4 16. cxd4 Re8 17. Qb3 Re6 18. f3 Qd2 19. Ra2 Qa5 20. fxe4 Ba6 21.
Bg4 Rbe8 22. Bxe6 Rxe6 23. Raf2 h6 24. Rxf7 Kh7 25. Qxe6 1-0

[Event "DEM U12/U12w 2008"]
[Site "Willingen GER"]
[Date "2008.05.11"]
[Round "1"]
[White "Bohm, Stephanie"]
[Black "Scheel, Henrik"]
[Result "0-1"]
[Termination "normal"]
[Board "46"]
[WhiteElo "888"]
[BlackElo "1481"]
[PlyCount "52"]
[BlackFideId "24692115"]
[EventCountry "GER"]
[EventRounds "11"]
[EventType "swiss"]
[EventDate "2008.05.10"]

1. c4 e5 2. Nc3 Nf6 3. g3 Be7 4. Bg2 Nc6 5. d3 d6 6. Nf3 h6 7. O-O Be6 8. b3
Qd7 9. Re1 Bh3 10. Bh1 g5 11. Nd2 h5 12. Nce4 Nxe4 13. Nxe4 Rg8 14. e3 h4 15.
Re2 hxg3 16. hxg3 O-O-O 17. f3 Rh8 18. g4 f5 19. gxf5 Qxf5 20. Ng3 Qg6 21. Bb2
Rdf8 22. Qe1 Rh4 23. Nf1 g4 24. fxg4 Rxg4+ 25. Kh2 Bxf1 26. Rf2 Rh4# 0-1

[Event "DEM U12/U12w 2008"]
[Site "Willingen GER"]
[Date "2008.05.11"]
[Round "1"]
[White "Golosnyak, Alexander"]
[Black "Ludwig, Maria"]
[Result "1-0"]
[Termination "normal"]
[Board "47"]
[WhiteElo "1479"]
[BlackElo "866"]
[PlyCount "35"]
[WhiteFideId "24659703"]
[BlackFideId "24655791"]
[EventCountry "GER"]
[EventRounds "11"]
[EventType "swiss"]
[EventDate "2008.05.10"]

1. e4 e5 2. Nf3 Nc6 3. Bb5 Bc5 4. O-O Nf6 5. Bxc6 dxc6 6. Nxe5 Qe7 7. d4 Bd6 8.
Nf3 Nxe4 9. Re1 f6 10. Nc3 Bf5 11. Nd2 O-O-O 12. Ndxe4 Be5 13. Ng3 Qb4 14. Nxf5
g6 15. a3 Qf8 16. Qg4 gxf5 17. Qxf5+ Rd7 18. dxe5 1-0

[Event "DEM U12/U12w 2008"]
[Site "Willingen GER"]
[Date "2008.05.11"]
[Round "2"]
[White "Grewenig, Jan"]
[Black "Blübaum, Matthias"]
[Result "0-1"]
[Termination "normal"]
[Board "3"]
[WhiteElo "1619"]
[BlackElo "1912"]
[PlyCount "42"]
[WhiteFideId "4657330"]
[BlackFideId "24651516"]
[EventCountry "GER"]
[EventRounds "11"]
[EventType "swiss"]
[EventDate "2008.05.10"]

1. e4 e6 2. d4 d5 3. exd5 exd5 4. Nf3 Nc6 5. Bb5 Bd6 6. O-O Nge7 7. Nc3 O-O 8.
h3 Bf5 9. Re1 a6 10. Bd3 Qd7 11. a3 Nd8 12. Bg5 Bxd3 13. Qxd3 f6 14. Bd2 Ne6
15. Qe2 Kf7 16. Rad1 c6 17. Na4 Bc7 18. Bb4 Rfe8 19. g3 b5 20. Rd3 bxa4 21. Re3
Ng6 0-1

[Event "DEM U12/U12w 2008"]
[Site "Willingen GER"]
[Date "2008.05.11"]
[Round "2"]
[White "Svane, Rasmus"]
[Black "Neef, Maximilian"]
[Result "1/2-1/2"]
[Termination "normal"]
[Board "4"]
[WhiteElo "1911"]
[BlackElo "1580"]
[PlyCount "89"]
[WhiteFideId "4657101"]
[BlackFideId "24692085"]
[EventCountry "GER"]
[EventRounds "11"]
[EventType "swiss"]
[EventDate "2008.05.10"]

1. e4 e6 2. d4 d5 3. Nd2 Nf6 4. e5 Nfd7 5. f4 c5 6. c3 Nc6 7. Ndf3 Qb6 8. g3
cxd4 9. cxd4 Bb4+ 10. Kf2 f6 11. Kg2 Be7 12. Bd3 O-O 13. h4 a5 14. Nh3 f5 15.
Nhg5 Ndb8 16. Bb1 Bd7 17. h5 Nd8 18. Nh4 Nbc6 19. h6 g6 20. Nxh7 Kxh7 21. Nxg6
Rg8 22. Nxe7 Nxe7 23. b3 Nec6 24. Bb2 a4 25. g4 axb3 26. axb3 Rxa1 27. Bxa1 Na5
28. Rh3 Kh8 29. g5 Kh7 30. Qc1 Ndc6 31. Qa3 Qb4 32. Qb2 Ne7 33. Rc3 Qxd4 34.
Qa3 Qd2+ 35. Kg3 Nac6 36. Qd6 Qe1+ 37. Kg2 Rd8 38. Rxc6 Nxc6 39. Bxf5+ exf5 40.
Qf6 Qe2+ 41. Kg1 Qe1+ 42. Kg2 Rg8 43. Qf7+ Kh8 44. Qf6+ Kh7 45. Qf7+ 1/2-1/2

[Event "DEM U12/U12w 2008"]
[Site "Willingen GER"]
[Date "2008.05.11"]
[Round "2"]
[White "Töws, Manuel"]
[Black "Noe, Christopher"]
[Result "0-1"]
[Termination "normal"]
[Board "5"]
[WhiteElo "1617"]
[BlackElo "1877"]
[PlyCount "134"]
[WhiteFideId "24654485"]
[BlackFideId "24692018"]
[EventCountry "GER"]
[EventRounds "11"]
[EventType "swiss"]
[EventDate "2008.05.10"]

1. d4 e6 2. c4 d5 3. Nc3 Nf6 4. Nf3 c6 5. e3 Nbd7 6. Bd3 Be7 7. O-O O-O 8. Bd2
Re8 9. cxd5 exd5 10. a3 Bd6 11. b4 a6 12. Qb3 Ne4 13. a4 Ndf6 14. Be2 Nxc3 15.
Bxc3 Ne4 16. Rab1 Bf5 17. Rb2 h6 18. b5 axb5 19. a5 Nxc3 20. Qxc3 Qxa5 21. Qxa5
Rxa5 22. Nh4 Be4 23. Nf3 Rea8 24. Nd2 Bg6 25. Nf3 Ra2 26. Rxa2 Rxa2 27. Bd1 Bd3
28. Bb3 Ra3 29. Bd1 Bxf1 30. Kxf1 Bb4 31. Ne5 Ba5 32. Nd7 Rd3 33. Bf3 b6 34.
Bg4 b4 35. Ne5 Rc3 36. Bd7 b3 37. Bf5 b2 38. Ke2 Rc1 39. g3 c5 40. dxc5 bxc5
41. Nc6 Bb4 42. Ne7+ Kf8 43. Nxd5 b1=Q 44. Bxb1 Rxb1 45. h4 c4 46. Kf3 c3 47.
Nxc3 Bxc3 48. Kg2 Rb2 49. Kf3 Be1 50. Ke4 Bxf2 51. Kf3 Ke7 52. h5 Kf6 53. Kf4
Bxg3+ 54. Kxg3 Kg5 55. Kf3 Kxh5 56. Kf4 Rf2+ 57. Kg3 Rf6 58. e4 Kg5 59. e5 Rf5
60. e6 fxe6 61. Kh3 e5 62. Kg3 e4 63. Kh3 e3 64. Kg3 e2 65. Kh3 e1=Q 66. Kg2
Rf2+ 67. Kg3 Qe3# 0-1

[Event "DEM U12/U12w 2008"]
[Site "Willingen GER"]
[Date "2008.05.11"]
[Round "2"]
[White "Lebeda, Timo"]
[Black "Müller, Nick"]
[Result "1/2-1/2"]
[Termination "normal"]
[Board "6"]
[WhiteElo "1889"]
[BlackElo "1571"]
[PlyCount "106"]
[WhiteFideId "4638565"]
[BlackFideId "24692093"]
[EventCountry "GER"]
[EventRounds "11"]
[EventType "swiss"]
[EventDate "2008.05.10"]

1. c4 c5 2. Nf3 Nc6 3. Nc3 Nf6 4. g3 g6 5. Bg2 Bg7 6. O-O d6 7. Rb1 O-O 8. a3
a5 9. d3 Rb8 10. Bf4 Bd7 11. Qd2 Re8 12. Bh6 e6 13. Bxg7 Kxg7 14. d4 cxd4 15.
Nxd4 Ne5 16. b3 Qb6 17. Rfd1 Red8 18. Qe3 Kg8 19. Qg5 Kg7 20. Ndb5 h6 21. Qf4
Bxb5 22. Nxb5 g5 23. Qd4 Qxd4 24. Rxd4 Ne8 25. Rbd1 Nc6 26. R4d3 Ne5 27. Rd4
Nc6 28. R4d3 Ne5 29. R3d2 a4 30. Nxd6 Nxd6 31. Rxd6 Rxd6 32. Rxd6 axb3 33. Rb6
Nxc4 34. Rxb3 b6 35. a4 Rd8 36. Bf3 Rd6 37. Rb4 Ne5 38. Kg2 f5 39. Bb7 Nd7 40.
f3 Nc5 41. Ba8 Kf6 42. f4 g4 43. Kf2 Ke7 44. Ke3 Kd7 45. Bg2 Kc7 46. a5 bxa5
47. Rb5 Nd7 48. Rxa5 Kd8 49. Ra8+ Ke7 50. Rh8 e5 51. Rh7+ Kf8 52. Rh8+ Kg7 53.
Re8 e4 1/2-1/2

[Event "DEM U12/U12w 2008"]
[Site "Willingen GER"]
[Date "2008.05.11"]
[Round "2"]
[White "Falter, Lennart"]
[Black "Kyas, Philipp"]
[Result "1/2-1/2"]
[Termination "normal"]
[Board "7"]
[WhiteElo "1587"]
[BlackElo "1816"]
[PlyCount "84"]
[WhiteFideId "24692077"]
[BlackFideId "24670936"]
[EventCountry "GER"]
[EventRounds "11"]
[EventType "swiss"]
[EventDate "2008.05.10"]

1. e4 e5 2. f4 Bc5 3. Nf3 d6 4. Nc3 Bg4 5. Na4 Bb6 6. Nxb6 axb6 7. Bc4 Nf6 8.
fxe5 Bxf3 9. Qxf3 dxe5 10. d3 Nc6 11. Bg5 Nd4 12. Qf2 b5 13. Bxf6 Qxf6 14. Qxf6
gxf6 15. Bb3 Nxb3 16. cxb3 Ke7 17. Ke2 Rhg8 18. Kf3 Rgd8 19. Rhd1 Rd6 20. Rd2
Rda6 21. Rc1 c6 22. a3 Rd8 23. b4 Rd4 24. g4 Ra8 25. h3 Rad8 26. Ke3 Rg8 27.
Kf3 h5 28. Rcd1 hxg4+ 29. hxg4 Rh8 30. Kg3 Rg8 31. Kf3 Rh8 32. Kg3 Rh7 33. Rc1
Rd8 34. Rcc2 Rdh8 35. Rh2 Rxh2 36. Rxh2 Rxh2 37. Kxh2 Kd6 38. Kg3 c5 39. Kf3
cxb4 40. axb4 Ke6 41. Ke3 b6 42. Kf3 Ke7 1/2-1/2

[Event "DEM U12/U12w 2008"]
[Site "Willingen GER"]
[Date "2008.05.11"]
[Round "2"]
[White "Xu, Xianliang"]
[Black "Schoepe, Tobias"]
[Result "1/2-1/2"]
[Termination "normal"]
[Board "8"]
[WhiteElo "1801"]
[BlackElo "1550"]
[PlyCount "90"]
[WhiteFideId "4603230"]
[BlackFideId "24692107"]
[EventCountry "GER"]
[EventRounds "11"]
[EventType "swiss"]
[EventDate "2008.05.10"]

1. c4 e5 2. Nc3 Nf6 3. g3 Bc5 4. Bg2 O-O 5. e3 Nc6 6. Nge2 h6 7. O-O a6 8. d4
exd4 9. exd4 Ba7 10. Be3 d6 11. Qd2 Bf5 12. b3 Re8 13. Rae1 Qd7 14. Nf4 Ne4 15.
Nxe4 Bxe4 16. d5 Bxg2 17. Kxg2 Ne5 18. Bxa7 Rxa7 19. Nd3 Nxd3 20. Qxd3 Raa8 21.
Qf3 Re7 22. Re3 Rae8 23. Rfe1 Rxe3 24. Rxe3 Rxe3 25. Qxe3 a5 26. Qe1 b6 27. Qe4
Kh8 28. Kf3 g6 29. Qg4 Qxg4+ 30. Kxg4 Kg7 31. Kf4 Kf6 32. a3 Ke7 33. h4 Kf6 34.
b4 axb4 35. axb4 Ke7 36. g4 Kf6 37. h5 Ke7 38. Ke4 Kf6 39. f4 g5 40. f5 Ke7 41.
Kd4 f6 42. c5 b5 43. Kc3 Kd8 44. Kd4 Ke7 45. cxd6+ cxd6 1/2-1/2

[Event "DEM U12/U12w 2008"]
[Site "Willingen GER"]
[Date "2008.05.11"]
[Round "2"]
[White "Kreyssig, Robert"]
[Black "Lampert, Jonas"]
[Result "1-0"]
[Termination "normal"]
[Board "9"]
[WhiteElo "1775"]
[BlackElo "1762"]
[PlyCount "59"]
[WhiteFideId "4662881"]
[BlackFideId "1303759"]
[EventCountry "GER"]
[EventRounds "11"]
[EventType "swiss"]
[EventDate "2008.05.10"]

1. d4 Nf6 2. Nf3 g6 3. c4 Bg7 4. Nc3 O-O 5. e4 d6 6. h3 c5 7. d5 Nfd7 8. Bd3
Ne5 9. Nxe5 Bxe5 10. Bh6 Bg7 11. Bxg7 Kxg7 12. h4 h5 13. f3 Nd7 14. Qd2 Nf6 15.
Be2 Rh8 16. O-O-O Bd7 17. Rdg1 Qc8 18. Qg5 Kf8 19. g4 a6 20. gxh5 Rxh5 21. Qg3
b5 22. f4 Rh7 23. h5 e6 24. hxg6 Rg7 25. Qh4 Ng8 26. gxf7 Kxf7 27. Rxg7+ Kxg7
28. Qh7+ Kf6 29. e5+ dxe5 30. Ne4# 1-0

[Event "DEM U12/U12w 2008"]
[Site "Willingen GER"]
[Date "2008.05.11"]
[Round "2"]
[White "Osmanodja, Filiz"]
[Black "Höpfner, Tim"]
[Result "0-1"]
[Termination "normal"]
[Board "10"]
[WhiteElo "1984"]
[BlackElo "1766"]
[PlyCount "72"]
[WhiteFideId "24633569"]
[BlackFideId "4638310"]
[EventCountry "GER"]
[EventRounds "11"]
[EventType "swiss"]
[EventDate "2008.05.10"]

1. e4 c5 2. Nf3 d6 3. d4 cxd4 4. Nxd4 Nf6 5. Nc3 a6 6. Be3 e5 7. Nf3 Be7 8. Bc4
Qc7 9. Bb3 Nbd7 10. Bg5 h6 11. Bh4 g5 12. Bg3 Nc5 13. Bd5 Be6 14. Qd2 Bxd5 15.
Nxd5 Nxd5 16. Qxd5 Qc6 17. Qxc6+ bxc6 18. Nd2 Rb8 19. b3 Bd8 20. O-O-O Ke7 21.
f3 Bc7 22. Nc4 Ne6 23. Rd2 Nf4 24. Ne3 h5 25. Nf5+ Ke6 26. c4 h4 27. Bf2 d5 28.
cxd5+ cxd5 29. Rc2 Rbc8 30. Rc6+ Bd6 31. Rxc8 Rxc8+ 32. Kd2 Bb4+ 33. Kd1 d4 34.
g3 Nd3 35. Rf1 Nb2+ 36. Ke2 Rc2# 0-1

[Event "DEM U12/U12w 2008"]
[Site "Willingen GER"]
[Date "2008.05.11"]
[Round "2"]
[White "Powierski, Emil"]
[Black "Galkin, Wladislaw"]
[Result "1/2-1/2"]
[Termination "normal"]
[Board "11"]
[WhiteElo "1564"]
[BlackElo "1969"]
[PlyCount "60"]
[WhiteFideId "4656199"]
[BlackFideId "4603192"]
[EventCountry "GER"]
[EventRounds "11"]
[EventType "swiss"]
[EventDate "2008.05.10"]

1. e4 e5 2. Nf3 Nc6 3. Bb5 a6 4. Ba4 Nf6 5. O-O b5 6. Bb3 Be7 7. Re1 d6 8. c3
O-O 9. h3 Na5 10. Bc2 c5 11. d4 Qc7 12. Nbd2 cxd4 13. cxd4 Nc6 14. Nf1 Nxd4 15.
Nxd4 exd4 16. b3 d5 17. Bb2 dxe4 18. Bxe4 Nxe4 19. Rxe4 Bf5 20. Rxd4 Bf6 21.
Rd2 Bxb2 22. Rxb2 Rad8 23. Qc1 Qb6 24. Qf4 Bg6 25. Rd2 h6 26. Rad1 Rxd2 27.
Qxd2 Rc8 28. Qd6 Qa5 29. Qd2 Qa3 30. Ne3 Qe7 1/2-1/2

[Event "DEM U12/U12w 2008"]
[Site "Willingen GER"]
[Date "2008.05.11"]
[Round "2"]
[White "Rührmund, Daniel"]
[Black "Schuhmacher, Jakob"]
[Result "1-0"]
[Termination "normal"]
[Board "12"]
[WhiteElo "1823"]
[BlackElo "1657"]
[PlyCount "69"]
[WhiteFideId "24674583"]
[BlackFideId "4612787"]
[EventCountry "GER"]
[EventRounds "11"]
[EventType "swiss"]
[EventDate "2008.05.10"]

1. e4 c5 2. Nf3 d6 3. d4 cxd4 4. Nxd4 Nf6 5. Nc3 g6 6. Be3 Bg7 7. f3 a6 8. Qd2
Nbd7 9. O-O-O b5 10. g4 Bb7 11. Bh6 Bxh6 12. Qxh6 Rc8 13. Kb1 Ne5 14. h4 Qc7
15. Rd2 Nc6 16. Nxc6 Bxc6 17. h5 Rg8 18. hxg6 Rxg6 19. Qh4 b4 20. Nd1 Qa5 21.
Rhh2 Bb5 22. Bd3 Bc4 23. Bxc4 Rxc4 24. Ne3 Rc5 25. Nf5 Rc3 26. g5 Rxf3 27. Rd1
Nxe4 28. Qxe4 Rxf5 29. Rxh7 Rfxg5 30. Qc6+ Kd8 31. Rxf7 Rf5 32. Qa8+ Kd7 33.
Qb7+ Kd8 34. Qxe7+ Kc8 35. Qd7+ 1-0

[Event "DEM U12/U12w 2008"]
[Site "Willingen GER"]
[Date "2008.05.11"]
[Round "2"]
[White "Voggenreiter, Simon"]
[Black "Stahnecker, Ludwig"]
[Result "1/2-1/2"]
[Termination "normal"]
[Board "13"]
[WhiteElo "1746"]
[BlackElo "1694"]
[PlyCount "107"]
[WhiteFideId "24615501"]
[BlackFideId "24692026"]
[EventCountry "GER"]
[EventRounds "11"]
[EventType "swiss"]
[EventDate "2008.05.10"]

1. e4 c5 2. Nf3 e6 3. d4 cxd4 4. Nxd4 a6 5. c4 Qc7 6. Nc3 Nc6 7. a3 Nf6 8. Nxc6
dxc6 9. Be3 e5 10. Be2 Be6 11. Qc2 Nd7 12. O-O Bd6 13. Rfd1 O-O 14. Rd2 f5 15.
f3 f4 16. Bf2 Rad8 17. Na4 b5 18. cxb5 cxb5 19. Qxc7 Bxc7 20. Nc3 Nb6 21. Rxd8
Rxd8 22. a4 b4 23. Nd5 Nxd5 24. exd5 Rxd5 25. Bxa6 Kf7 26. Bc4 Rd2 27. Bxe6+
Kxe6 28. Be1 Bb6+ 29. Kf1 Rxb2 30. a5 Ba7 31. Ra4 b3 32. Rb4 Bd4 33. a6 Ra2 34.
Rxb3 Rxa6 35. g3 Kf5 36. Rb7 Ra7 37. Rb3 Ra2 38. g4+ Kg6 39. h4 Ra1 40. Ke2 h6
41. Bc3 Bxc3 42. Rxc3 Ra6 43. Kd3 Kf6 44. Ke4 Rd6 45. Rc4 Ke6 46. Rb4 Ra6 47.
Rc4 g6 48. g5 h5 49. Rb4 Kd6 50. Rb3 Ra4+ 51. Kd3 Kc5 52. Rc3+ Kd5 53. Rb3 Ra6
54. Rb5+ 1/2-1/2

[Event "DEM U12/U12w 2008"]
[Site "Willingen GER"]
[Date "2008.05.11"]
[Round "2"]
[White "Müller, Alexandra"]
[Black "Eigemann, Frederik"]
[Result "1/2-1/2"]
[Termination "normal"]
[Board "14"]
[WhiteElo "1532"]
[BlackElo "1685"]
[PlyCount "80"]
[WhiteFideId "24691496"]
[BlackFideId "24692034"]
[EventCountry "GER"]
[EventRounds "11"]
[EventType "swiss"]
[EventDate "2008.05.10"]

1. e4 e6 2. d4 d5 3. Nd2 Nf6 4. Bd3 dxe4 5. Nxe4 Nxe4 6. Bxe4 c5 7. Ne2 Be7 8.
Be3 O-O 9. dxc5 Qc7 10. b4 Rd8 11. Qc1 Nd7 12. O-O Nf6 13. Bf3 Bd7 14. Ng3 Bc6
15. Bxc6 Qxc6 16. c3 Nd5 17. Bd2 Bf6 18. Ne4 Be5 19. f4 Nxf4 20. Bxf4 Qxe4 21.
Bxe5 Qxe5 22. Re1 Qf6 23. Qe3 a6 24. Rad1 Rxd1 25. Rxd1 Rd8 26. Rxd8+ Qxd8 27.
Qd4 Qc7 28. c4 f6 29. g3 Kf7 30. Kf2 Ke7 31. a4 h6 32. b5 g6 33. Kf3 Qd7 34.
Qxd7+ Kxd7 35. Ke4 Kc7 36. Kd4 g5 37. Ke4 Kd7 38. a5 Kc7 39. Kd4 Kd7 40. Ke4
Kc7 1/2-1/2

[Event "DEM U12/U12w 2008"]
[Site "Willingen GER"]
[Date "2008.05.11"]
[Round "2"]
[White "Peil, Christoph"]
[Black "Groetzbach, Julian"]
[Result "1-0"]
[Termination "normal"]
[Board "15"]
[WhiteElo "1680"]
[BlackElo "1484"]
[PlyCount "59"]
[WhiteFideId "24651800"]
[BlackFideId "24600938"]
[EventCountry "GER"]
[EventRounds "11"]
[EventType "swiss"]
[EventDate "2008.05.10"]

1. d4 Nf6 2. c4 g6 3. Nc3 Bg7 4. e4 d6 5. Bd3 O-O 6. Nge2 Nbd7 7. O-O Ne8 8.
Be3 e5 9. d5 f5 10. exf5 gxf5 11. f4 Nb6 12. fxe5 dxe5 13. c5 f4 14. Bf2 Nd7
15. Bc4 Kh8 16. Ne4 f3 17. gxf3 Rxf3 18. N2g3 Rf4 19. Be3 Rxf1+ 20. Qxf1 Ndf6
21. Bg5 h6 22. Bh4 Kh7 23. Nh5 Qe7 24. Nhxf6+ Nxf6 25. Bxf6 Qd7 26. Qg2 Qg4 27.
Rf1 Qxg2+ 28. Kxg2 Bd7 29. Bxg7 Kxg7 30. b4 1-0

[Event "DEM U12/U12w 2008"]
[Site "Willingen GER"]
[Date "2008.05.11"]
[Round "2"]
[White "Kuckling, Hannah"]
[Black "Abdelrazek, Ahmed"]
[Result "1-0"]
[Termination "normal"]
[Board "16"]
[WhiteElo "1531"]
[BlackElo "1673"]
[PlyCount "91"]
[WhiteFideId "24603660"]
[EventCountry "GER"]
[EventRounds "11"]
[EventType "swiss"]
[EventDate "2008.05.10"]

1. e4 e6 2. d4 d5 3. Nd2 a6 4. Bd3 c5 5. c3 Nc6 6. Ne2 Nf6 7. e5 Nd7 8. O-O Be7
9. Nf3 O-O 10. Be3 b5 11. Qd2 Qe8 12. Bg5 f6 13. exf6 Nxf6 14. Rfe1 Bd6 15. Bf4
Bxf4 16. Nxf4 Qd7 17. Nxe6 c4 18. Nxf8 Kxf8 19. Bc2 Qd6 20. Ne5 Be6 21. Nxc6
Qxc6 22. Qf4 Kg8 23. Re2 Re8 24. Rae1 a5 25. a3 Qd7 26. h3 Qc6 27. Bf5 Bxf5 28.
Rxe8+ Nxe8 29. Qxf5 Nf6 30. Qe6+ Qxe6 31. Rxe6 Kf7 32. Ra6 b4 33. Rxa5 bxc3 34.
bxc3 Ne4 35. Rxd5 Nxc3 36. Rc5 Ne2+ 37. Kf1 Nxd4 38. Rxc4 Ne6 39. a4 Ke7 40. a5
Kd7 41. a6 Nc7 42. a7 Na8 43. Rb4 h6 44. Rb8 Nc7 45. a8=Q Nxa8 46. Rxa8 1-0

[Event "DEM U12/U12w 2008"]
[Site "Willingen GER"]
[Date "2008.05.11"]
[Round "2"]
[White "Scheel, Henrik"]
[Black "Gibicar, Danijel"]
[Result "0-1"]
[Termination "normal"]
[Board "17"]
[WhiteElo "1481"]
[BlackElo "1662"]
[PlyCount "86"]
[WhiteFideId "24692115"]
[BlackFideId "24660256"]
[EventCountry "GER"]
[EventRounds "11"]
[EventType "swiss"]
[EventDate "2008.05.10"]

1. e4 e5 2. Nf3 Nf6 3. Nc3 Bb4 4. a3 Bxc3 5. dxc3 d6 6. Bg5 h6 7. Bxf6 Qxf6 8.
Be2 Nc6 9. Qd3 Bd7 10. O-O-O O-O-O 11. Qe3 Qe7 12. Bc4 Rhf8 13. Bd5 Kb8 14. Nd2
f5 15. f3 f4 16. Qe2 a6 17. Kb1 g5 18. h3 Qg7 19. Nf1 h5 20. Nh2 Ne7 21. Bc4
Ng8 22. Bxg8 Rxg8 23. Qf2 g4 24. hxg4 hxg4 25. Nf1 Rh8 26. Nd2 Rh7 27. Rxh7
Qxh7 28. g3 Rg8 29. Rg1 Qg7 30. gxf4 g3 31. Qe3 Qh6 32. Nf1 exf4 33. Qe2 Qg7
34. Qg2 Bb5 35. Nd2 Rh8 36. Rh1 Bd7 37. Qg1 Rh6 38. Nf1 Rxh1 39. Qxh1 g2 40.
Qg1 gxf1=R+ 41. Qxf1 Qg3 42. Qe2 Be6 43. e5 Qg1+ 0-1

[Event "DEM U12/U12w 2008"]
[Site "Willingen GER"]
[Date "2008.05.11"]
[Round "2"]
[White "Schnorr, Christian"]
[Black "Golosnyak, Alexander"]
[Result "0-1"]
[Termination "normal"]
[Board "18"]
[WhiteElo "1650"]
[BlackElo "1479"]
[PlyCount "72"]
[BlackFideId "24659703"]
[EventCountry "GER"]
[EventRounds "11"]
[EventType "swiss"]
[EventDate "2008.05.10"]

1. e4 e5 2. Nf3 Nf6 3. d4 Nxe4 4. dxe5 Bc5 5. Nd4 O-O 6. Be3 d5 7. Be2 Bxd4 8.
Bxd4 Nc6 9. c3 a6 10. O-O Re8 11. f3 Ng5 12. f4 Nxd4 13. cxd4 Ne6 14. Nc3 c6
15. Rf3 Qb6 16. Rd3 Nxf4 17. Rd2 Nxe2+ 18. Qxe2 Re6 19. Rf1 Rg6 20. Qf3 Be6 21.
h3 Rf8 22. g4 Kh8 23. Rff2 Qd8 24. Ne2 h5 25. Rg2 hxg4 26. hxg4 Kg8 27. Nf4 Rh6
28. Rh2 Rh4 29. Rdg2 Rxh2 30. Rxh2 Qg5 31. Rg2 Re8 32. Nxe6 Rxe6 33. Rf2 Re7
34. Rh2 Qc1+ 35. Kg2 Qxb2+ 36. Kf1 Qxh2 0-1

[Event "DEM U12/U12w 2008"]
[Site "Willingen GER"]
[Date "2008.05.11"]
[Round "2"]
[White "Bonk, Andras"]
[Black "Nöttling, Dominik"]
[Result "1/2-1/2"]
[Termination "normal"]
[Board "19"]
[WhiteElo "1473"]
[BlackElo "1728"]
[PlyCount "45"]
[WhiteFideId "24692123"]
[BlackFideId "24672807"]
[EventCountry "GER"]
[EventRounds "11"]
[EventType "swiss"]
[EventDate "2008.05.10"]

1. e4 b6 2. Nf3 Bb7 3. Nc3 e6 4. d4 Bb4 5. Bd3 Nf6 6. Bg5 h6 7. Bxf6 Qxf6 8. a3
Bxc3+ 9. bxc3 Qg6 10. Qe2 d6 11. O-O Qh5 12. d5 O-O 13. c4 e5 14. Nd2 Qxe2 15.
Bxe2 Na6 16. Nb3 Bc8 17. a4 f5 18. f3 Bd7 19. c3 Nc5 20. Nxc5 bxc5 21. Rfb1
Rab8 22. a5 a6 23. Bd3 1/2-1/2

[Event "DEM U12/U12w 2008"]
[Site "Willingen GER"]
[Date "2008.05.11"]
[Round "2"]
[White "Polert, Annika"]
[Black "Azizi, Nassim"]
[Result "0-1"]
[Termination "normal"]
[Board "20"]
[WhiteElo "1196"]
[BlackElo "1643"]
[PlyCount "98"]
[WhiteFideId "24692328"]
[BlackFideId "4608119"]
[EventCountry "GER"]
[EventRounds "11"]
[EventType "swiss"]
[EventDate "2008.05.10"]

1. e4 c5 2. c3 b6 3. d4 Bb7 4. Bd3 g6 5. Ne2 Bg7 6. Be3 d6 7. O-O Nf6 8. f3 O-O
9. Nd2 e6 10. Qb3 Qc7 11. Rac1 Nc6 12. Qa3 Qe7 13. Rfe1 Rfe8 14. Bg5 h6 15. Bh4
g5 16. Bf2 Nd7 17. Qa4 a6 18. a3 b5 19. Qd1 Qf8 20. Kh1 f5 21. Rf1 Qf6 22. Bb1
Rad8 23. Qc2 Ne7 24. f4 g4 25. Ng3 Rf8 26. Ba2 c4 27. b3 d5 28. exd5 exd5 29.
Rfe1 Rf7 30. Re2 Nf8 31. Rce1 Rd7 32. Nb1 Bc8 33. Re3 Rd6 34. Qe2 Ne6 35. Nd2
Nxf4 36. Qf1 Nd3 37. R1e2 f4 38. Nh5 Qg5 39. h4 gxh3 40. Rxh3 Bxh3 41. Nxg7
Bxg2+ 42. Qxg2 Qxg2+ 43. Kxg2 Nc1 44. Re5 Rxg7+ 45. Kf3 Nxa2 46. bxc4 bxc4 47.
Bh4 Ng6 48. Rh5 Nxh4+ 49. Rxh4 Rf7 0-1

[Event "DEM U12/U12w 2008"]
[Site "Willingen GER"]
[Date "2008.05.11"]
[Round "2"]
[White "Große, Christian"]
[Black "Kühne, Niklas"]
[Result "1-0"]
[Termination "normal"]
[Board "21"]
[WhiteElo "1885"]
[BlackElo "1283"]
[PlyCount "65"]
[WhiteFideId "24646156"]
[BlackFideId "24690015"]
[EventCountry "GER"]
[EventRounds "11"]
[EventType "swiss"]
[EventDate "2008.05.10"]

1. e4 e6 2. d4 d5 3. Nc3 Nf6 4. e5 Nfd7 5. f4 c5 6. Nf3 Nc6 7. Be3 Be7 8. Qd2
O-O 9. Be2 cxd4 10. Nxd4 f6 11. Nxe6 Qa5 12. Nxf8 Bxf8 13. exf6 Nxf6 14. O-O-O
Bb4 15. a3 Bxc3 16. Qxc3 Qxc3 17. bxc3 Be6 18. Bd4 Ne4 19. Rhe1 Re8 20. Bf3 Bf5
21. Bg1 Rf8 22. Rxd5 Nxc3 23. Rc5 Na4 24. Bxc6 Nxc5 25. Bd5+ Be6 26. Bxe6+ Nxe6
27. Rxe6 Rxf4 28. Bxa7 Kf7 29. Rb6 Ra4 30. Rxb7+ Kg6 31. Bc5 Rc4 32. Bf8 Rg4
33. Rxg7+ 1-0

[Event "DEM U12/U12w 2008"]
[Site "Willingen GER"]
[Date "2008.05.11"]
[Round "2"]
[White "Takeuchi, Eiki"]
[Black "Stolberg, Daniel"]
[Result "1-0"]
[Termination "normal"]
[Board "22"]
[WhiteElo "1778"]
[BlackElo "1372"]
[PlyCount "69"]
[WhiteFideId "24663751"]
[EventCountry "GER"]
[EventRounds "11"]
[EventType "swiss"]
[EventDate "2008.05.10"]

1. e4 c6 2. d4 d5 3. f3 e6 4. Nc3 Bb4 5. Bf4 Nf6 6. Qd3 b6 7. Qe3 Ba6 8. Bxa6
Nxa6 9. a3 Bxc3+ 10. bxc3 c5 11. Ne2 O-O 12. Bg5 dxe4 13. fxe4 Ng4 14. Qf4 Nf6
15. O-O Nh5 16. Qg4 f6 17. Qxh5 fxg5 18. Rxf8+ Qxf8 19. Qxg5 cxd4 20. cxd4 Rc8
21. c3 Nc7 22. a4 Ne8 23. Rf1 Qa3 24. Qg4 Qe7 25. Nf4 Nf6 26. Qf3 Qd7 27. e5
Nd5 28. Nxd5 exd5 29. g4 h6 30. h4 Qe6 31. Kg2 Rd8 32. Qf5 Qe7 33. g5 hxg5 34.
hxg5 Qe8 35. g6 1-0

[Event "DEM U12/U12w 2008"]
[Site "Willingen GER"]
[Date "2008.05.11"]
[Round "2"]
[White "Berger, Nadja"]
[Black "Möhn, Hans"]
[Result "0-1"]
[Termination "normal"]
[Board "23"]
[WhiteElo "1380"]
[BlackElo "1825"]
[PlyCount "42"]
[WhiteFideId "24692212"]
[BlackFideId "24647837"]
[EventCountry "GER"]
[EventRounds "11"]
[EventType "swiss"]
[EventDate "2008.05.10"]

1. c4 g6 2. Nc3 Bg7 3. g3 d6 4. Bg2 c5 5. e3 Nc6 6. Nge2 Bd7 7. d4 Nf6 8. O-O
Qc8 9. Rb1 h5 10. a3 h4 11. b4 cxb4 12. axb4 Bh3 13. Nf4 Bxg2 14. Nxg2 hxg3 15.
fxg3 Qh3 16. Nh4 g5 17. Ng2 Qxh2+ 18. Kf2 Rh3 19. Rg1 Rxg3 20. Qf1 Ng4+ 21. Ke1
Nxd4 0-1